|
|
|
|
| LEADER |
00000nam0a2200000 4500 |
| 001 |
76596 |
| 005 |
20231031091804.0 |
| 035 |
|
|
|a (RuTPU)RU\TPU\book\82099
|
| 090 |
|
|
|a 76596
|
| 100 |
|
|
|a 20050426d2004 m y0rusy50 ca
|
| 101 |
0 |
|
|a rus
|
| 102 |
|
|
|a RU
|
| 105 |
|
|
|a a j 001zy
|
| 200 |
1 |
|
|a Акустико-эмиссионный метод контроля
|e учебное пособие
|f Л. А. Шнайдер
|g ТПУ
|
| 210 |
|
|
|a Томск
|c Изд-во ТПУ
|d 2004
|
| 215 |
|
|
|a 141 с.
|c ил.
|
| 225 |
1 |
|
|a Учебники Томского политехнического университета
|
| 320 |
|
|
|a Библиогр.: с. 139-140
|
| 330 |
|
|
|a В пособии приводятся физические основы акустико-эмиссионного метода контроля. Рассмотрены вопросы распространения акустических волн в материалах, устройство акустико-эмиссионной аппаратуры. Даны основы технологии акустико-эмиссионного контроля, примеры практического применения метода. Представлен перечень основной нормативно-технической документации для данного вида контроля. Предназначено для студентов и магистрантов направления 551500, 653700 "Приборостроение", специальности 190200 "Физические методы и приборы контроля качества и диагностики", а также может быть полезно специалистам, занимающимся проблемами неразрушающего контроля и диагностики.
|
| 452 |
|
1 |
|0 (RuTPU)RU\TPU\book\176941
|t Акустико-эмиссионный метод контроля
|o учебное пособие
|f Л. А. Шнайдер
|g Томский политехнический университет (ТПУ)
|c Томск
|n Изд-во ТПУ
|d 2004
|s Учебники Томского политехнического университета
|a Шнайдер, Любовь Андреевна
|
| 610 |
1 |
|
|a акустическая эмиссия
|
| 610 |
1 |
|
|a контроль
|
| 610 |
1 |
|
|a акустико-эмиссионный метод
|
| 610 |
1 |
|
|a технические средства
|
| 610 |
1 |
|
|a технология
|
| 610 |
1 |
|
|a диагностика
|
| 610 |
1 |
|
|a данные
|
| 610 |
1 |
|
|a использование
|
| 610 |
1 |
|
|a метрологическое обеспечение
|
| 610 |
1 |
|
|a приборы
|
| 610 |
1 |
|
|a измерительные узлы
|
| 610 |
1 |
|
|a функциональные узлы
|
| 610 |
1 |
|
|a калибровка
|
| 610 |
1 |
|
|a учебные пособия
|
| 675 |
|
|
|a 620.179.17(075.8)
|v 3
|
| 700 |
|
1 |
|a Шнайдер
|b Л. А.
|g Любовь Андреевна
|
| 712 |
0 |
2 |
|a Томский политехнический университет
|2 stltpush
|3 (RuTPU)RU\TPU\col\376
|
| 801 |
|
1 |
|a RU
|b 63413507
|c 20050426
|g PSBO
|
| 801 |
|
2 |
|a RU
|b 63413507
|c 20140313
|g PSBO
|
| 942 |
|
|
|c BK
|